00571nam a22001577a 450000500170000002000230001703500120004003700130005210000250006524500890009026000450017930000230022494200270024799900170027495201220029120120424125315.0 a0195658647c495.00 aB-82237 aDPLbENG aNandy, Ashish945671 aThe romance of the state :bAnd the fate of dissent in the tropics /cby Ashis Nandy aNew DelhibOxford University Pressc2003 aix, 218p.c22 cms. 2ddccENh306.0954mNAN c65559d65559 001040708NFICaZLSbZLSd2012-04-24g495.00l0o306.0954 NANpB-82237r2012-04-24 00:00:00v495.00w2012-04-24yEN